• 首页
  • 本馆介绍
  • 公告通知
  • 最新文献
  • 馆藏检索
  • 电子资源
  • 读者导购
  • 参考咨询
  • 我的图书馆
  • 登录
  • 详细信息显示
  • 放入我的书架
  • 预约/预借图书
  • 作者相关作品
  • 分类相关作品
  • 丛书相关作品
  • 出版社相关作品

书目信息

  • 表格格式
  • 工作单格式
  • 卡片格式
题名:
Front Page 多媒体CAI课件制作实例教程
    
 
作者: 方其桂 编著 ;马 起 编著
分册:  
出版信息: 北京   清华大学出版社  2002.01
页数: 203页
开本: 16开
丛书名: 多媒体CAI课件制作实例教程丛书
单 册:
中图分类: TP316.5
科图分类:
主题词: 软件
电子资源:
ISBN: 7-900637-66-4
000 00751nam0 2200229 45
001 0206130912
005 20020613091511.4
010    @a7-900637-66-4@d28.00元
100    @a20020613d2002 km y0chiy0120 ea
101 0  @achi
105    @a z 000yy
200 1  @aFront Page 多媒体CAI课件制作实例教程@AFront Page Duo Mei Ti CAI Ke Jian Zhi Zuo Shi Li Jiao Cheng@f方其桂编著@FFang Qi Gui Bian Zhu@g马 起等编著
210    @a北京@c清华大学出版社@d2002.01
215    @a203页@d16开
225    @a多媒体CAI课件制作实例教程丛书
410    @12001 @a多媒体CAI课件制作实例教程丛书
606 0  @a软件
690    @aTP316.5@v3
701  0 @a方其桂@4编著
702  0 @a马 起@AMa Qi@4编著
801    @aCN@bPftUser@c20020613
905    @aBZT@b340415-419@dTP316.5@e3@f5
    
    Front Page 多媒体CAI课件制作实例教程/方其桂编著/马 起等编著.-北京:清华大学出版社,2002.01
    203页;16开.-(多媒体CAI课件制作实例教程丛书)
    
    
    ISBN 7-900637-66-4:28.00元
    
●
相关链接 在五车中查询图书 在当当中查询图书 在豆瓣中查询图书


正题名:Front Page 多媒体CAI课件制作实例教程     索取号:TP316.5/3         预约/预借

序号 登录号 条形码 馆藏地/架位号 状态 备注
1 340416   201166674   中心书库中库/ 中库027架B面7列2层31/ [索取号:TP316.5/3] 在馆    
2 340417   201166683   中心书库中库/ 中库027架B面7列2层32/ [索取号:TP316.5/3] 在馆    
3 340419   201166709   中心书库中库/ 中库027架B面7列2层30/ [索取号:TP316.5/3] 在馆    
山东省滨州职业学院图书馆 欢迎您!
大连网信软件有限公司© 版权所有